[Event "13th Dubai open 2011"]
[Site "Dubai Chess club"]
[Date "2011.04.11"]
[Round "2"]
[Board "1"]
[White "Anastasian, Ashot"]
[Black "Mona, Khaled"]
[Result "1-0"]
[WhiteElo "2556"]
[BlackElo "2076"]
[PlyCount "95"]
[EventDate "2011.04.10"]
[EventRounds "9"]
[EventCountry "UAE"]

1.Nf3 Nf6 2.c4 g6 3.b4 Bg7 4.Bb2 O-O 5.e3 d6 6.Be2 e5 7.d4 e4 8.Nfd2 c6 9.Nc3
Re8 10.Qc2 Qe7 11.b5 c5 12.d5 h5 13.h3 h4 14.a4 Bf5 15.g4 hxg3 16.fxg3 g5
17.O-O-O Nbd7 18.Rdf1 Bg6 19.h4 g4 20.Rf4 Bh6 21.h5 Bxf4 22.gxf4 Bf5 23.Nf1 a6
24.Ng3 Bh7 25.Nd1 axb5 26.axb5 Ra2 27.Nf2 Nb6 28.Qb3 Rea8 29.h6 R8a4 30.Qc3 Rxb2
31.Qxb2 Nxc4 32.Bxc4 Rxc4+ 33.Kd2 Ne8 34.Rh5 f6 35.Qa2 Rb4 36.Ke2 Qd7 37.Kf1
Qxb5+ 38.Kg2 Bg6 39.h7+ Bxh7 40.Qa8 Bg6 41.Rh4 Rb1 42.Rxg4 Kf7 43.Rh4 Qd7
44.Nfxe4 Qe7 45.f5 Bxf5 46.Nxf5 Rb2+ 47.Kf3 Qe5 48.Nfxd6+

[Event "13th Dubai open 2011"]
[Site "Dubai Chess club"]
[Date "2011.04.11"]
[Round "2"]
[Board "1"]
[White "Iskusnyh, Sergei"]
[Black "Khademalsharieh, Sarasadat"]
[Result "1-0"]
[WhiteElo "2481"]
[BlackElo "2137"]
[PlyCount "81"]
[EventDate "2011.04.10"]
[EventRounds "9"]
[EventCountry "UAE"]

1.d4 Nf6 2.c4 e6 3.g3 d5 4.Nf3 Be7 5.Bg2 O-O 6.Qc2 dxc4 7.Qxc4 a6 8.Qc2 c5
9.dxc5 Qa5+ 10.Nc3 Bxc5 11.O-O Nc6 12.Bd2 Qd8 13.Rfd1 Qe7 14.Rac1 Bd7 15.Bg5 Nb4
16.Qd2 Bc6 17.a3 Nbd5 18.Ne5 Rfd8 19.Bxd5 Bxd5 20.Ng4 Bf3 21.Bxf6 gxf6 22.Qf4
Bxg4 23.Qxg4+ Kh8 24.e3 Rxd1+ 25.Rxd1 Rd8 26.Rxd8+ Qxd8 27.Qf3 b6 28.Qb7 Kg7
29.Qxa6 f5 30.Qe2 Be7 31.Nb5 Bf6 32.a4 Qc8 33.b3 Qc1+ 34.Kg2 Qc6+ 35.Kg1 Qc1+
36.Kg2 Qc6+ 37.Qf3 Qc2 38.Qb7 Be5 39.Nd4 Bxd4 40.exd4 Qxb3 41.a5

[Event "13th Dubai open 2011"]
[Site "Dubai Chess club"]
[Date "2011.04.11"]
[Round "2"]
[Board "1"]
[White "Veliyev, Serdar"]
[Black "Saduakassova, Dinara"]
[Result "0-1"]
[WhiteElo "1952"]
[BlackElo "2208"]
[PlyCount "126"]
[EventDate "2011.04.10"]
[EventRounds "9"]
[EventCountry "UAE"]

1.d4 Nf6 2.c4 e6 3.Nc3 Bb4 4.Nf3 d5 5.cxd5 exd5 6.Bg5 Nbd7 7.e3 c5 8.Bb5 Qa5
9.Bxd7+ Nxd7 10.O-O c4 11.Qc2 Nb6 12.h3 O-O 13.Bf4 Re8 14.a3 Be7 15.Rfc1 Bd7
16.Ne5 Ba4 17.Qf5 Rf8 18.Qg4 Kh8 19.Nxa4 Qxa4 20.Qf5 Qe8 21.Nf3 f6 22.Qg4 Qc8
23.Qg3 Qd7 24.h4 Rfc8 25.h5 Qe8 26.h6 g6 27.Bd6 Rc6 28.Bxe7 Qxe7 29.Nh4 Qf8
30.Nf3 Qxh6 31.b4 cxb3 32.Rxc6 bxc6 33.Rb1 Qf8 34.Rxb3 Qe7 35.Nd2 Rc8 36.Rc3 Kg7
37.Qg4 Rc7 38.Qd1 c5 39.dxc5 Rxc5 40.Qc1 Na4 41.Rxc5 Qxc5 42.Qxc5 Nxc5 43.Nb1
Na4 44.Kf1 h5 45.Ke2 g5 46.Kd3 h4 47.f3 Kg6 48.Kd4 Nb6 49.Nc3 f5 50.Ke5 Nc4+
51.Kd4 Nxa3 52.Nxd5 Nc2+ 53.Ke5 Ne1 54.Ne7+ Kh5 55.Nxf5 Nxg2 56.e4 h3 57.Ng3+
Kg6 58.Kd6 Nf4 59.e5 a5 60.Kc5 h2 61.Kb5 Ne2 62.Nh1 Kf5 63.Kxa5 Kxe5

[Event "13th Dubai open 2011"]
[Site "Dubai Chess club"]
[Date "2011.04.11"]
[Round "2"]
[Board "1"]
[White "Aleksandrov, Aleksej"]
[Black "Dhar, Manodip"]
[Result "1-0"]
[WhiteElo "2638"]
[BlackElo "2022"]
[PlyCount "72"]
[EventDate "2011.04.10"]
[EventRounds "9"]
[EventCountry "UAE"]

1.d4 d5 2.c4 e6 3.Nc3 Nf6 4.cxd5 exd5 5.Bg5 Be7 6.e3 c6 7.Bd3 Nbd7 8.Qc2 h6
9.Bh4 Nf8 10.Nge2 Ne6 11.f3 O-O 12.Rd1 Re8 13.O-O b6 14.Kh1 Bb7 15.Bf2 a6 16.e4
Kh8 17.e5 Nd7 18.f4 c5 19.dxc5 bxc5 20.Bf5 d4 21.Be4 Rb8 22.Bxb7 Rxb7 23.Ne4 Qc7
24.Bg3 Reb8 25.b3 c4 26.Qxc4 Qxc4 27.bxc4 Rb2 28.Nxd4 Nxd4 29.Rxd4 Nc5 30.Nc3
Rc2 31.Nd5 Bf8 32.f5 Rbb2 33.Nf4 Rd2 34.Rxd2 Rxd2 35.e6 fxe6 36.fxe6 Bd6

[Event "13th Dubai open 2011"]
[Site "Dubai Chess club"]
[Date "2011.04.11"]
[Round "2"]
[Board "1"]
[White "Praful, Zaveri"]
[Black "Hammer, Jon Ludvig"]
[Result "0-1"]
[WhiteElo "2004"]
[BlackElo "2606"]
[PlyCount "54"]
[EventDate "2011.04.10"]
[EventRounds "9"]
[EventCountry "UAE"]

1.e4 c6 2.d4 d5 3.e5 Bf5 4.Nf3 e6 5.Bd3 Bg4 6.Nbd2 Ne7 7.h3 Bh5 8.O-O c5 9.c3
Nec6 10.Be2 Nd7 11.a3 Qb6 12.Qa4 Be7 13.Bb5 a6 14.Bxc6 Qxc6 15.Qxc6 bxc6 16.b4
c4 17.a4 a5 18.Ba3 axb4 19.Bxb4 Bxb4 20.cxb4 Ke7 21.Ra3 Bg6 22.Nb1 Rhb8 23.Nc3
Rxb4 24.Rfa1 f6 25.exf6+ gxf6 26.a5 Kd6 27.g4 e5

[Event "13th Dubai open 2011"]
[Site "Dubai Chess club"]
[Date "2011.04.11"]
[Round "2"]
[Board "1"]
[White "Feldman, Vladimir"]
[Black "Khadzh Khamed, Naser"]
[Result "1/2-1/2"]
[WhiteElo "2270"]
[BlackElo "2009"]
[PlyCount "113"]
[EventDate "2011.04.10"]
[EventRounds "9"]
[EventCountry "UAE"]

1.d4 Nf6 2.Nf3 b6 3.c4 e6 4.a3 Bb7 5.Nc3 Be7 6.d5 exd5 7.cxd5 O-O 8.g3 Re8 9.Bg2
c6 10.O-O Nxd5 11.Nxd5 cxd5 12.Ne5 Nc6 13.Bxd5 Rf8 14.Bf4 Bf6 15.Nc4 Ba6 16.Rb1
Rc8 17.Nd6 Nd4 18.Re1 Rc2 19.e4 Be2 20.Rxe2 Rxe2 21.e5 Rxe5 22.Bxe5 Bxe5 23.Kg2
Qe7 24.Ne4 g6 25.Rc1 Kg7 26.Rc4 Ne6 27.Qd2 b5 28.Rc1 h6 29.b4 f5 30.Nc3 f4
31.Re1 Qf6 32.Ne4 f3+ 33.Kg1 Qf5 34.Nc5 Nd4 35.Qd3 Qh5 36.Kh1 Qh3 37.Qf1 Qxf1+
38.Rxf1 Rd8 39.Rd1 Kf6 40.Rd3 Ke7 41.Bxf3 Rf8 42.Kg2 Nxf3 43.Rxf3 Rxf3 44.Kxf3
Bb2 45.a4 Ba3 46.axb5 Bxb4 47.Nd3 Bc3 48.Ke4 Kd6 49.f4 Kc7 50.Kd5 Kb6 51.Kc4 Bd2
52.Ne5 d5+ 53.Kxd5 Kxb5 54.Nxg6 a5 55.Ne5 a4 56.Nc4 Bc1 57.h3

[Event "13th Dubai open 2011"]
[Site "Dubai Chess club"]
[Date "2011.04.11"]
[Round "2"]
[Board "1"]
[White "Amangeldiyev, Gurbangeldi"]
[Black "Das, Sayantan"]
[Result "0-1"]
[WhiteElo "1987"]
[BlackElo "2268"]
[PlyCount "102"]
[EventDate "2011.04.10"]
[EventRounds "9"]
[EventCountry "UAE"]

1.d4 d5 2.c4 e5 3.dxe5 d4 4.Nf3 Nc6 5.g3 Nge7 6.Bg2 Ng6 7.O-O Ngxe5 8.Nxe5 Nxe5
9.b4 Nxc4 10.Qd3 Nb6 11.e3 Be7 12.Bb2 O-O 13.exd4 Bxb4 14.d5 Bd6 15.Nd2 Nd7
16.Be4 h6 17.Nf3 Nf6 18.Qc3 Re8 19.Bc2 Bf8 20.Rad1 Bg4 21.Rd4 Bh5 22.Nh4 Bd6
23.Re4 Rxe4 24.Bxe4 Bf8 25.Bb1 Qxd5 26.Qc2 Qc5 27.Qd3 Qd6 28.Qc2 Qc6 29.Qd3 Qa6
30.Qf5 Bg4 31.Qf4 Bd6 32.Qd2 Qe2 33.Qc3 Re8 34.Bd3 Qe7 35.Qb3 Bh3 36.Ng6 Qd7
37.Rc1 Be6 38.Qc2 fxg6 39.Bxg6 Rf8 40.Re1 Bf7 41.Bf5 Qc6 42.Qd3 Qd5 43.Qc2 Qc4
44.Qb1 Qxa2 45.Qc2 Qb3 46.Qb1 Ba3 47.Bxa3 Qxa3 48.Qxb7 Bd5 49.Qxc7 Qf3 50.Be6+
Bxe6 51.Rxe6 Qd1+

[Event "13th Dubai open 2011"]
[Site "Dubai Chess club"]
[Date "2011.04.11"]
[Round "2"]
[Board "1"]
[White "Omar, Noaman"]
[Black "Ivana Maria, Furtado"]
[Result "1-0"]
[WhiteElo "2253"]
[BlackElo "1999"]
[PlyCount "82"]
[EventDate "2011.04.10"]
[EventRounds "9"]
[EventCountry "UAE"]

1.d4 Nf6 2.c4 e6 3.Nf3 d5 4.Nc3 Bb4 5.cxd5 exd5 6.Bg5 Nbd7 7.e3 c5 8.Bd3 Qa5
9.O-O Bxc3 10.bxc3 c4 11.Bf5 Ne4 12.Qc2 Ndf6 13.Bxc8 Rxc8 14.Bxf6 gxf6 15.Rac1
O-O 16.Nh4 Rc6 17.f3 Nd6 18.Nf5 Re8 19.Nxd6 Rxd6 20.e4 Rde6 21.Rce1 Qc7 22.Re2
Qe7 23.Rfe1 f5 24.e5 Qg5 25.Qb2 Rb6 26.Qa3 a6 27.Qc5 Rb5 28.Qd6 Re6 29.Qd7 Qe7
30.Qxe7 Rxe7 31.Kf2 Ra5 32.Kg3 Kg7 33.Kf4 Ra3 34.Rd2 Kg6 35.g4 fxg4 36.Rg1 h5
37.fxg4 hxg4 38.Rxg4+ Kh5 39.Rg5+ Kh4 40.Rg4+ Kh5 41.Rg3 b5

[Event "13th Dubai open 2011"]
[Site "Dubai Chess club"]
[Date "2011.04.11"]
[Round "2"]
[Board "1"]
[White "Ingcongan, Mama"]
[Black "Schneider, Veronika"]
[Result "0-1"]
[WhiteElo "1977"]
[BlackElo "2247"]
[PlyCount "103"]
[EventDate "2011.04.10"]
[EventRounds "9"]
[EventCountry "UAE"]

1.c4 Nf6 2.Nf3 g6 3.g3 c6 4.Nc3 d5 5.cxd5 cxd5 6.Bg2 Nc6 7.d4 Bg7 8.O-O O-O
9.Re1 Qb6 10.Ne5 Rd8 11.Na4 Qa5 12.Nxc6 bxc6 13.Nc5 Nd7 14.Nb3 Qb6 15.Bd2 a5
16.Bc3 a4 17.Nc1 e5 18.e3 exd4 19.exd4 Nf8 20.Ne2 Ne6 21.Qd2 Bd7 22.Rad1 Bf6
23.h4 Rdb8 24.Nf4 Nc7 25.Bf1 Bg4 26.Rc1 Ne8 27.Bg2 Ng7 28.f3 Bd7 29.Kh2 Nf5
30.Rcd1 Nd6 31.Bf1 Bc8 32.Nxg6 hxg6 33.Qf4 Qd8 34.a3 Kg7 35.Bb4 Nf5 36.Bh3 Rxb4
37.axb4 Qd6 38.Qxd6 Nxd6 39.Bg2 Rb8 40.Rc1 Bd7 41.Bh3 Be8 42.Rxe8 Rxe8 43.Rxc6
Re2+ 44.Kg1 Nc4 45.Ra6 Bxd4+ 46.Kf1 Rxb2 47.Rxa4 Bc3 48.Ra7 d4 49.Be6 Nd6 50.b5
d3 51.Rd7 Bb4 52.Bxf7

[Event "13th Dubai open 2011"]
[Site "Dubai Chess club"]
[Date "2011.04.12"]
[Round "3"]
[Board "1"]
[White "Guliev, Sarhan"]
[Black "Andriasian, Zaven"]
[Result "1-0"]
[WhiteElo "2497"]
[BlackElo "2645"]
[PlyCount "59"]
[EventDate "2011.04.10"]
[EventRounds "9"]
[EventCountry "UAE"]

1.d4 d5 2.c4 c6 3.Nf3 Nf6 4.Nc3 dxc4 5.a4 Bf5 6.e3 e6 7.Bxc4 Bb4 8.O-O O-O 9.Nh4
Nbd7 10.f3 Nb6 11.Bb3 Bg6 12.Nxg6 hxg6 13.e4 a5 14.Be3 Nfd7 15.f4 c5 16.f5
{Diagram #} gxf5 17.exf5 e5 18.dxe5 Nxe5 19.Qh5 Qd3 20.Bf4 Qd4+ 21.Kh1 Nd3
22.Ne2 Qxb2 23.Rab1 Qf6 24.Bg5 Qe5 25.f6 c4 26.fxg7 Qxg7 27.Bf6 Qh7 28.Rf5 Bd2
29.Qg4+ Qg6 30.Rh5

[Event "13th Dubai open 2011"]
[Site "Dubai Chess club"]
[Date "2011.04.12"]
[Round "3"]
[Board "1"]
[White "Lalith, Babu M R"]
[Black "Kuzubov, Yuriy"]
[Result "1-0"]
[WhiteElo "2491"]
[BlackElo "2627"]
[PlyCount "111"]
[EventDate "2011.04.10"]
[EventRounds "9"]
[EventCountry "UAE"]

1.Nf3 g6 2.c4 Bg7 3.e4 d6 4.d4 c5 5.dxc5 dxc5 6.Qxd8+ Kxd8 7.e5 Nc6 8.Bf4 Bg4
9.Nbd2 Nb4 10.O-O-O Nxa2+ 11.Kb1 Nb4 12.Ne4+ Ke8 13.Nxc5 Bf5+ 14.Bd3 Nxd3
15.Nxd3 Rd8 16.Kc2 Nh6 17.Kc3 Ng4 18.Bg3 Be4 19.Rhe1 Bc6 20.Bf4 Nh6 21.Bxh6 Bxh6
22.Nb4 Bxf3 23.gxf3 e6 24.Nd3 Kd7 25.b4 Kc7 26.h3 Bg5 27.Rg1 Be7 28.Rg4 Rd7
29.Rd4 Rxd4 30.Kxd4 Rd8+ 31.Kc3 a6 32.Re1 Kc6 33.Ra1 Rd7 34.Ra5 Kb6 35.Ra1 Rd8
36.Rb1 Rg8 37.Rd1 g5 38.Rg1 Rg6 39.f4 gxf4 40.Rxg6 hxg6 41.Nxf4 a5 42.bxa5+ Kxa5
43.Nd3 Kb6 44.Kd4 Kc6 45.f3 Ba3 46.Ke4 Bc5 47.Kf4 Kb6 48.Kg5 Be7+ 49.Kh6 Kc6
50.Kg7 Kd7 51.Kxf7 g5 52.Nf2 Bc5 53.Ne4 Bd4 54.Nf6+ Kc6 55.Kxe6 Bb2 56.Kf5

[Event "13th Dubai open 2011"]
[Site "Dubai Chess club"]
[Date "2011.04.12"]
[Round "3"]
[Board "1"]
[White "Volkov, Sergey"]
[Black "Abbasifar, Hasan"]
[Result "1-0"]
[WhiteElo "2621"]
[BlackElo "2467"]
[PlyCount "69"]
[EventDate "2011.04.10"]
[EventRounds "9"]
[EventCountry "UAE"]

1.d4 Nf6 2.c4 e6 3.Nf3 b6 4.g3 Ba6 5.Qa4 c5 6.Bg2 Bb7 7.O-O cxd4 8.Nxd4 Bxg2
9.Kxg2 Bc5 10.Rd1 O-O 11.Nc3 Qe7 12.Bg5 h6 13.Bxf6 Qxf6 14.e3 a6 15.Rd2 Rc8
16.Rad1 Qg6 17.Nf3 Qh5 18.h3 Bf8 19.Rd4 Qc5 20.Ne4 Qc7 21.Nd6 Bxd6 22.Rxd6 Qxc4
23.Qxc4 Rxc4 24.Rxb6 d5 25.Ne5 Rc7 26.Rd6 Rc8 27.e4 f6 28.Ng4 Nc6 29.exd5 exd5
30.Ne3 Ne5 31.R6xd5 Rab8 32.b3 Rb6 33.Ra5 Kf7 34.Rd2 Rc1 35.Rd7+ {Game Finished
at move 56th.}

[Event "13th Dubai open 2011"]
[Site "Dubai Chess club"]
[Date "2011.04.12"]
[Round "3"]
[Board "1"]
[White "Petrosian, Davit G"]
[Black "Kazhgaleyev, Murtas"]
[Result "1-0"]
[WhiteElo "2480"]
[BlackElo "2618"]
[PlyCount "69"]
[EventDate "2011.04.10"]
[EventRounds "9"]
[EventCountry "UAE"]

1.e4 e6 2.d4 d5 3.Nc3 Nf6 4.Bg5 dxe4 5.Nxe4 Nbd7 6.Nf3 h6 7.Nxf6+ Nxf6 8.Be3 Nd5
9.Bd3 Nxe3 10.fxe3 Bd6 11.Qe2 Qe7 12.O-O-O e5 13.e4 O-O 14.h3 a5 15.Kb1 a4 16.a3
c6 17.c3 b5 18.dxe5 Bxe5 19.Nxe5 Qxe5 20.Qe3 Be6 21.Qd4 Qg3 22.Bc2 Rad8 23.Qb6
Rxd1+ 24.Rxd1 Qxg2 25.Qxc6 Bc4 26.Qd7 Qe2 27.Rd2 Qe3 28.Qd4 Qg5 29.h4 Qxh4
30.Bxa4 Rc8 31.Bc2 h5 32.b3 Be6 33.Kb2 Qg3 34.e5 {Diagram #} h4 35.Qd8+

[Event "13th Dubai open 2011"]
[Site "Dubai Chess club"]
[Date "2011.04.12"]
[Round "3"]
[Board "1"]
[White "Negi, Parimarjan"]
[Black "Kayumov, Dmitry D"]
[Result "1-0"]
[WhiteElo "2618"]
[BlackElo "2463"]
[PlyCount "131"]
[EventDate "2011.04.10"]
[EventRounds "9"]
[EventCountry "UAE"]

1.e4 e5 2.Nf3 Nc6 3.Bb5 Nf6 4.O-O Nxe4 5.d4 Nd6 6.Bxc6 dxc6 7.dxe5 Nf5 8.Qxd8+
Kxd8 9.Nc3 Ke8 10.h3 h5 11.Bf4 Be6 12.Ne4 Be7 13.Rad1 Rd8 14.Nfg5 Rxd1 15.Rxd1
Rh6 16.g3 Bd5 17.Nc3 Rg6 18.Nge4 Be6 19.Kh2 b6 20.b3 Bd8 21.Bc1 Be7 22.Rd3 f6
23.exf6 gxf6 24.Ne2 Bd5 25.Nf4 Bxe4 26.Nxg6 Bxd3 27.cxd3 Bd6 28.Bf4 Bc5 29.g4
hxg4 30.hxg4 Ng7 31.Kg2 Ne6 32.Bd2 a5 33.Nf4 Ke7 34.Nxe6 Kxe6 35.Bf4 Kd7 36.Kf3
b5 37.Bg3 a4 38.bxa4 bxa4 39.Ke4 Ke6 40.f3 Bb6 41.Bf4 c5 42.Be3 c6 43.Bg1 Ba7
44.Bf2 Bb6 45.Bg1 Ba7 46.f4 Bb6 47.Be3 Ba7 48.Bc1 Bb6 49.Ba3 Ba7 50.g5 f5+
51.Kf3 Bb6 52.Bb2 Bc7 53.g6 Ba5 54.Ke2 Bb4 55.Be5 Ba5 56.Kd1 Bb4 57.Kc2 Ke7
58.Kb2 Ke6 59.Bc3 Ke7 60.a3 Bxc3+ 61.Kxc3 Kf6 62.Kc4 Kxg6 63.Kxc5 Kh5 64.Kxc6
Kg4 65.d4 Kxf4 66.d5

[Event "13th Dubai open 2011"]
[Site "Dubai Chess club"]
[Date "2011.04.12"]
[Round "3"]
[Board "1"]
[White "Huschenbeth, Niclas"]
[Black "Balogh, Csaba"]
[Result "1/2-1/2"]
[WhiteElo "2465"]
[BlackElo "2601"]
[PlyCount "79"]
[EventDate "2011.04.10"]
[EventRounds "9"]
[EventCountry "UAE"]

1.e4 e5 2.Nf3 Nc6 3.Bb5 Nf6 4.d3 d6 5.O-O Be7 6.Re1 O-O 7.Nbd2 Bd7 8.Nf1 h6
9.Ng3 Re8 10.c3 Bf8 11.a4 Ne7 12.Bc4 c6 13.d4 exd4 14.Qxd4 d5 15.exd5 Nexd5
16.Rxe8 Bxe8 17.Ne4 Qb6 18.Nxf6+ Nxf6 19.a5 Qxd4 20.Nxd4 Rd8 21.Bf4 c5 22.Nf3 g5
23.Bc7 Rc8 24.Be5 Be7 25.Rd1 Bc6 26.Be2 Ne4 27.Nd2 Nxd2 28.Rxd2 Re8 29.c4 Bf8
30.f4 Bg7 31.Bxg7 Kxg7 32.fxg5 hxg5 33.Kf2 Re6 34.Bf3 Bxf3 35.gxf3 Ra6 36.Rd7 b6
37.axb6 axb6 38.Rd6 Ra4 39.Rxb6 Rxc4 40.Rc6

[Event "13th Dubai open 2011"]
[Site "Dubai Chess club"]
[Date "2011.04.12"]
[Round "3"]
[Board "1"]
[White "Gagunashvili, Merab"]
[Black "Laxman, R R"]
[Result "1/2-1/2"]
[WhiteElo "2599"]
[BlackElo "2462"]
[PlyCount "62"]
[EventDate "2011.04.10"]
[EventRounds "9"]
[EventCountry "UAE"]

1.d4 Nf6 2.c4 e6 3.Nc3 Bb4 4.Qc2 d5 5.cxd5 exd5 6.Bg5 h6 7.Bh4 O-O 8.e3 Re8
9.Nf3 Be6 10.Bd3 Nbd7 11.O-O c6 12.a3 Be7 13.b4 Rc8 14.Rfc1 Nh5 15.Bxe7 Qxe7
16.Na4 g6 17.Nc5 Nxc5 18.Qxc5 a6 19.a4 Qxc5 20.Rxc5 Nf6 21.Nd2 Bf5 22.Bxf5 gxf5
23.b5 cxb5 24.axb5 Rxc5 25.dxc5 axb5 26.Nb3 f4 27.exf4 Re4 28.g3 Rb4 29.Nc1 Ra4
30.Rb1 Ne4 31.Nd3 Nc3

[Event "13th Dubai open 2011"]
[Site "Dubai Chess club"]
[Date "2011.04.12"]
[Round "3"]
[Board "1"]
[White "Grigoryan, Karen H"]
[Black "Pantsulaia, Levan"]
[Result "1/2-1/2"]
[WhiteElo "2463"]
[BlackElo "2595"]
[PlyCount "82"]
[EventDate "2011.04.10"]
[EventRounds "9"]
[EventCountry "UAE"]

1.g3 c5 2.Bg2 Nc6 3.c4 g6 4.Nf3 Bg7 5.O-O b6 6.e3 Ba6 7.Na3 Nf6 8.d4 O-O 9.Ne5
Bb7 10.Nxc6 dxc6 11.dxc5 Nd7 {Diagram #} 12.cxb6 axb6 13.Rb1 Qc8 14.b4 Rd8
15.Qc2 c5 16.e4 Qc6 17.Nb5 Ne5 18.Be3 cxb4 19.Rxb4 e6 20.Rfb1 Nd3 21.Ra4 Rxa4
22.Qxa4 Ne5 23.c5 Ng4 24.cxb6 Nxe3 25.fxe3 Rd2 26.Bf3 Qxb6 27.Qa7 Qxa7 28.Nxa7
Ba6 29.a4 Bh6 30.Re1 Ra2 31.Nc6 Rxa4 32.e5 Ra3 33.Kf2 Rc3 34.Be4 Kg7 35.Kf3 Rc5
36.h4 Bb5 37.Nd4 Bd7 38.g4 g5 39.h5 Rxe5 40.Rf1 Ba4 41.Ra1 Bd7

[Event "13th Dubai open 2011"]
[Site "Dubai Chess club"]
[Date "2011.04.12"]
[Round "3"]
[Board "1"]
[White "Mamedov, Nidjat"]
[Black "Anwesh, Upadhyaya"]
[Result "1/2-1/2"]
[WhiteElo "2580"]
[BlackElo "2432"]
[PlyCount "75"]
[EventDate "2011.04.10"]
[EventRounds "9"]
[EventCountry "UAE"]

1.e4 e5 2.Nf3 Nc6 3.Bb5 a6 4.Ba4 Nf6 5.O-O Be7 6.Re1 b5 7.Bb3 O-O 8.h3 d6 9.c3
Nb8 10.d4 Nbd7 11.Nbd2 Bb7 12.Bc2 Re8 13.Nf1 Bf8 14.Ng3 g6 15.a4 c5 16.d5 c4
17.Bg5 h6 18.Be3 Nc5 19.Qd2 h5 20.Bg5 Be7 21.Ra3 Nh7 22.Be3 Qc7 23.Rea1 Rab8
24.Qd1 Bc8 25.axb5 axb5 26.Ra7 Rb7 27.Rxb7 Bxb7 28.Ra7 Nd7 29.Qa1 Rb8 30.Nd2 Bg5
31.Ngf1 Bxe3 32.Nxe3 Nc5 33.b4 cxb3 34.Nxb3 Nxb3 35.Bxb3 Nf6 36.Bc2 Nd7 37.Qb2
Qb6 38.Ra1

[Event "13th Dubai open 2011"]
[Site "Dubai Chess club"]
[Date "2011.04.12"]
[Round "3"]
[Board "1"]
[White "Koohestani, Sh"]
[Black "Halkias, Stelios"]
[Result "1/2-1/2"]
[WhiteElo "2345"]
[BlackElo "2579"]
[PlyCount "60"]
[EventDate "2011.04.10"]
[EventRounds "9"]
[EventCountry "UAE"]

1.d4 Nf6 2.c4 e6 3.Nf3 d5 4.g3 Bb4+ 5.Bd2 Be7 6.Bg2 O-O 7.O-O c6 8.Qc2 Nbd7
9.Bg5 h6 10.Bxf6 Bxf6 11.Nbd2 b6 12.e4 Ba6 13.Rfe1 Bb7 14.Rad1 Rc8 15.Qb3 Qc7
16.Qa3 Rfe8 17.b4 c5 18.bxc5 dxe4 19.Nxe4 Bxe4 20.Rxe4 bxc5 21.d5 exd5 22.Rxe8+
Rxe8 23.Rxd5 Rb8 24.Bh3 Nb6 25.Rxc5 Qe7 26.Ra5 Qe4 27.Qb3 Nd7 28.Rb5 Rxb5
29.Qxb5 Nb6 30.Bf5 Qe2

[Event "13th Dubai open 2011"]
[Site "Dubai Chess club"]
[Date "2011.04.12"]
[Round "3"]
[Board "1"]
[White "Atabayev, Yusup"]
[Black "Ter-Sahakyan, Samvel"]
[Result "1/2-1/2"]
[WhiteElo "2319"]
[BlackElo "2575"]
[PlyCount "60"]
[EventDate "2011.04.10"]
[EventRounds "9"]
[EventCountry "UAE"]

1.e4 c5 2.Nf3 d6 3.d4 cxd4 4.Nxd4 Nf6 5.f3 e5 6.Nb3 Be6 7.c4 Nbd7 8.Be3 Rc8
9.Na3 a6 10.Be2 Be7 11.O-O O-O 12.Qd2 h6 13.Rfd1 Ne8 14.Rac1 Bg5 15.Bxg5 hxg5
16.Qe3 Qe7 17.Nd2 Nb8 18.Ndb1 Nc6 19.Nc2 f5 20.exf5 Bxf5 21.Bd3 Nc7 22.Bxf5 Rxf5
23.Qd3 Rf4 24.Qxd6 Qxd6 25.Rxd6 Rxc4 26.Rdd1 Ne6 27.Ne3 Rxc1 28.Rxc1 Rd8 29.Rd1
Rd4 30.Nc3 {Diagram #} Kf7

[Event "13th Dubai open 2011"]
[Site "Dubai Chess club"]
[Date "2011.04.12"]
[Round "3"]
[Board "1"]
[White "Minasian, Artashes"]
[Black "Narayanan, Srinath"]
[Result "1/2-1/2"]
[WhiteElo "2558"]
[BlackElo "2310"]
[PlyCount "107"]
[EventDate "2011.04.10"]
[EventRounds "9"]
[EventCountry "UAE"]

1.Nf3 c5 2.c4 Nc6 3.Nc3 e5 4.g3 g6 5.Bg2 Bg7 6.a3 a5 7.O-O d6 8.Ne1 Be6 9.d3
Nge7 10.Nc2 d5 11.cxd5 Nxd5 12.Ne3 Nde7 13.Nc4 O-O 14.Bg5 f6 15.Be3 b6 16.Qa4
Qc7 17.f4 Rab8 18.fxe5 f5 19.Bf4 h6 20.h4 Qd7 21.Rf2 Kh7 22.Rd1 Rfd8 23.Rd2 Bh8
24.e4 Nd4 25.Qxd7 Rxd7 26.Nd5 Nxd5 27.exd5 Rxd5 28.Bxd5 Bxd5 29.Kf1 b5 30.Nxa5
Re8 31.Rd1 Ne6 32.Re1 g5 33.Bd2 Kg6 34.a4 bxa4 35.Nc4 Nd4 36.hxg5 hxg5 37.Bc3
Bxc4 38.dxc4 Rxe5 39.Rxe5 Bxe5 40.Kg2 f4 41.g4 Kf6 42.Rd2 Ke6 43.Bxd4 Bxd4
44.Kf3 Ke5 45.Rh2 Be3 46.Rh6 Bd4 47.Rg6 Bxb2 48.Rxg5+ Kd4 49.Rg8 a3 50.Ra8 Kxc4
51.g5 Kb3 52.Rb8+ Kc2 53.Ra8 Kb3 54.Rb8+

[Event "13th Dubai open 2011"]
[Site "Dubai Chess club"]
[Date "2011.04.12"]
[Round "3"]
[Board "1"]
[White "Mansour, Sameer"]
[Black "Salem A R, Saleh"]
[Result "1/2-1/2"]
[WhiteElo "2301"]
[BlackElo "2511"]
[PlyCount "74"]
[EventDate "2011.04.10"]
[EventRounds "9"]
[EventCountry "UAE"]

1.Nf3 Nf6 2.d4 c5 3.e3 g6 4.Be2 Bg7 5.O-O O-O 6.b3 Nc6 7.Bb2 cxd4 8.Nxd4 d5 9.c4
Re8 10.Nxc6 bxc6 11.cxd5 Nxd5 12.Bxg7 Kxg7 13.Qc1 Bf5 14.Nc3 e5 15.Rd1 Qg5 16.h4
Nxc3 17.Qxc3 Qxh4 18.Qxc6 Rac8 19.Qb5 Qg5 20.Rac1 Be4 21.Bf1 Bf3 22.Re1 Red8
23.Rxc8 Rxc8 24.e4 Rc3 25.Qa5 Rd3 26.Qxa7 Rd4 27.Qc5 h5 28.Qc3 Bxe4 29.Qe3 Qxe3
30.Rxe3 Kf6 31.Bc4 Bc6 32.a4 Bxa4 33.Rf3+ Kg5 34.Rxf7 Bd7 35.Re7 Kf6 36.Rf7+ Kg5
37.Re7 Kf6

[Event "13th Dubai open 2011"]
[Site "Dubai Chess club"]
[Date "2011.04.12"]
[Round "3"]
[Board "1"]
[White "Sasikiran, Krishnan"]
[Black "Gutov, Andrey"]
[Result "1-0"]
[WhiteElo "2682"]
[BlackElo "2445"]
[PlyCount "101"]
[EventDate "2011.04.10"]
[EventRounds "9"]
[EventCountry "UAE"]

1.e4 e5 2.Nf3 Nc6 3.Bb5 a6 4.Ba4 Nf6 5.O-O Be7 6.Re1 b5 7.Bb3 O-O 8.h3 d5 9.exd5
Nxd5 10.Nxe5 Nxe5 11.Rxe5 c6 12.d3 Bd6 13.Re1 Bc7 14.Nd2 Qd6 15.Nf1 Bb7 16.Qf3
Rab8 17.Qg3 Qd7 18.Qg4 f5 19.Qg5 Rf6 20.Bf4 {Diagram #} c5 21.Bxc7 Qxc7 22.Bxd5+
Bxd5 23.Ne3 Be6 24.f4 Rd8 25.Re2 Rd4 26.Rf1 h6 27.Qg3 c4 28.dxc4 Bxc4 29.Nxc4
Rxc4 30.c3 b4 31.cxb4 Rxb4 32.b3 a5 33.Re3 a4 34.Kh2 axb3 35.axb3 Rfb6 36.Rff3
Qf7 37.Rc3 Kh7 38.Rfe3 Rb7 39.Qf3 R7b6 40.Rcd3 R6b5 41.h4 Qc7 42.g3 Qc2+ 43.Kh3
Qb1 44.h5 Rc5 45.Rd1 Qa2 46.Rd5 Rc2 47.Rxf5 Rh2+ 48.Kg4 Rb6 49.Qe4 Qc2 50.Qxc2
Rxc2 51.Rf7

[Event "13th Dubai open 2011"]
[Site "Dubai Chess club"]
[Date "2011.04.12"]
[Round "3"]
[Board "1"]
[White "Roy, Chowdhury Saptarshi"]
[Black "Akopian, Vladimir"]
[Result "1/2-1/2"]
[WhiteElo "2459"]
[BlackElo "2675"]
[PlyCount "83"]
[EventDate "2011.04.10"]
[EventRounds "9"]
[EventCountry "UAE"]

1.e4 e6 2.Qe2 c5 3.Nf3 Nc6 4.c3 Nge7 5.g3 g6 6.Bg2 Bg7 7.d3 d6 8.Nbd2 b5 9.O-O
Rb8 10.Rd1 b4 11.cxb4 Rxb4 12.Nc4 d5 13.a3 Rb7 14.Ne3 O-O 15.Rb1 Nd4 16.Nxd4
cxd4 17.Nc2 dxe4 18.Bxe4 Rc7 19.Ne1 Nd5 20.Bd2 Qd7 21.Rdc1 Rxc1 22.Rxc1 Bb7
23.Rc5 h5 24.Nc2 Rb8 25.Nb4 Bf8 26.Ra5 Nxb4 27.Bxb4 Bxb4 28.axb4 a6 29.h4 Qd6
30.Bxb7 Rxb7 31.Rg5 Qxb4 32.Qxh5 Qxb2 33.Qf3 Qc1+ 34.Kh2 Rb1 35.Rg4 Qg1+ 36.Kh3
Qf1+ 37.Kh2 e5 38.Rxg6+ fxg6 39.Qd5+ Kf8 40.Qd8+ Kf7 41.Qd7+ Kf6 42.Qd6+

[Event "13th Dubai open 2011"]
[Site "Dubai Chess club"]
[Date "2011.04.12"]
[Round "3"]
[Board "1"]
[White "Miroshnichenko, Evgenij"]
[Black "Satyaragyan, Swayangsu"]
[Result "1-0"]
[WhiteElo "2670"]
[BlackElo "2459"]
[PlyCount "85"]
[EventDate "2011.04.10"]
[EventRounds "9"]
[EventCountry "UAE"]

1.Nf3 Nf6 2.g3 e6 3.Bg2 b6 4.O-O Bb7 5.d3 c5 6.e4 d6 7.Qe2 Be7 8.Nbd2 O-O 9.c3
Nc6 10.a3 Nd7 11.d4 cxd4 12.cxd4 a5 13.Rd1 Re8 14.b3 Bf8 15.Bb2 Ba6 16.Qe3 b5
17.e5 d5 18.Qf4 h6 19.Nf1 b4 20.a4 Rc8 21.h4 f6 22.N1h2 f5 23.Ne1 g6 24.Nhf3 Bg7
25.Nd3 Qb6 26.Qd2 Nd8 27.Nf4 Nf8 28.Ne1 Nf7 29.Ned3 Bxd3 30.Qxd3 Rc6 31.Rac1
Rec8 32.Rxc6 Qxc6 33.Rc1 Qb7 34.g4 Rxc1+ 35.Bxc1 Qc8 36.Bd2 fxg4 37.Nxg6 Qd8
38.Nxf8 Kxf8 39.Qg6 Qc8 40.Be3 g3 41.fxg3 Qc3 42.Bf2 Nd8 43.Bf1